| 000 | 00723nam a2200205Ia 4500 | ||
|---|---|---|---|
| 005 | 20241129111251.0 | ||
| 008 | 241129s9999||||xx |||||||||||||| ||und|| | ||
| 037 | _aTB | ||
| 040 |
_aCRL _bpun _cCRL |
||
| 041 |
_apun _2pun |
||
| 084 |
_aO153,6(w,1) R1 _qCRL |
||
| 100 | _aਕਪੂਰ, ਨਰਿੰਦਰ ਸਿੰਘ, ਚ। | ||
| 245 | 0 |
_aਧੁੱਪਾਂ ਛਾਂਵਾਂ _cਕਪੂਰ, ਨਰਿੰਦਰ ਸਿੰਘ, ਚ। |
|
| 260 |
_aਚੰਡੀਗੜ੍ਹ, ਭਾਰਤ _bਚੰਡੀਗੜ੍ਹ ਲੋਕਗੀਤ ਪ੍ਰਕਾਸ਼ਨ _c2021 |
||
| 300 | _a289ਪ੍ਰ0 | ||
| 365 |
_aINR _b400 |
||
| 650 | _aPunjabi Prose | ||
| 942 |
_cTB _hO153,6(w,1) R1 |
||
| 999 |
_c1229658 _d1229658 |
||